00442nam a2200157Ia 4500008004100000082001000041100002700051245003700078260002400115300000700139365000600146520002900152630003700181650002900218730003700247100917s9999 xx 000 0 und d b47256 aAlas Tair W. R. Miller aThe Quest Of The Cat - Nip Mouse bFaber & Faberc1967 a39 b0 aबालविभाग aThe Quest Of The Cat - Nip Mouse aबालविभाग aThe Quest Of The Cat - Nip Mouse